| 000 | 00449nam a2200181Ia 4500 | ||
|---|---|---|---|
| 001 | 22671 | ||
| 005 | 20260414150846.0 | ||
| 008 | 260414t2007||||xx |||||||||||||| ||spa|| | ||
| 041 | _aESP | ||
| 082 |
_a621.384 _bH94 |
||
| 100 |
_aHunt, V. Daniel _eAUT |
||
| 245 | 0 |
_aRFID-A guide to radio frequency identification _b |
|
| 260 | _c2007 | ||
| 300 |
_axxiv, 214 páginas : _c24 cm. |
||
| 650 | _aTCA | ||
| 654 | _aCET | ||
| 942 |
_cLIB _dJUS _fJUS _2ddc _n |
||
| 999 |
_c22671 _d22671 |
||